Welcome to CU Library Online Public Access Catalogue (OPAC)

Accouting for the graduate and non-accounting students: (Record no. 8738)

MARC details
000 -LEADER
fixed length control field 00404nam a2200145 4500
005 - DATE AND TIME OF LATEST TRANSACTION
control field 20260218130954.0
008 - FIXED-LENGTH DATA ELEMENTS--GENERAL INFORMATION
fixed length control field cuc123
020 ## - INTERNATIONAL STANDARD BOOK NUMBER
International Standard Book Number 9988070888
050 ## - LIBRARY OF CONGRESS CALL NUMBER
Classification number HF 5635 GYA
Item number 1
100 ## - MAIN ENTRY--PERSONAL NAME
Personal name GYASI, KWAME
245 ## - TITLE STATEMENT
Title Accouting for the graduate and non-accounting students:
Remainder of title The invaluable guide for the trainee manager
260 ## - PUBLICATION, DISTRIBUTION, ETC.
Place of publication, distribution, etc. ACCRA
Name of publisher, distributor, etc. KWABOTWE HILL
Date of publication, distribution, etc. 2004
300 ## - PHYSICAL DESCRIPTION
Extent xiv, 525p
942 ## - ADDED ENTRY ELEMENTS (KOHA)
Source of classification or shelving scheme Library of Congress Classification
Koha item type Books
Suppress in OPAC No
999 ## -
-- 8738
-- 8738
Holdings
Withdrawn status Lost status Source of classification or shelving scheme Damaged status Not for loan Collection Home library Current library Shelving location Date acquired Total checkouts Full call number Barcode Date last seen Copy number Price effective from Koha item type Public note
    Library of Congress Classification     Non-fiction Graduate Library (Christ Temple) Graduate Library (Christ Temple) General stacks 02/16/2026   HF 5635 GYA GSCT00002535 02/16/2026 1 02/16/2026 Books EAQ
    Library of Congress Classification     Non-fiction Graduate Library (Christ Temple) Graduate Library (Christ Temple) General stacks 02/19/2026     GSCT00002665 02/19/2026 2 02/19/2026 Books EAQ
    Library of Congress Classification     Non-fiction Graduate Library (Christ Temple) Graduate Library (Christ Temple) General stacks 02/19/2026     GSCT00002666 02/19/2026 3 02/19/2026 Books EAQ
© 2023-2024 Copyright: Central University Libraries. All Rights Reserved | Created by: Mahone Tech Office